000 00621 a2200193 4500
005 20240516105423.0
010 _aB-759050
020 _a0195658752
_c395.00
035 _aB-759050
037 _bGift/Unesco
082 _a338.954
100 _aDreze, Jean
_966259
245 _aIndia Development and Participation/
_cJean Dreze and Amartya Sen
260 _aNew Delhi
_bOxford University Press
_c2002
270 _aYMCA Library Building Jai Singh Road
_bNew Delhi
_e110001
300 _a511 p.
_c22cm (Hb)
942 _adpl
_cEN
_2ddc
_h338.954
_mDRE
999 _c202873
_d202873